Environmental policy studies / (Record no. 17793)

MARC details
000 -LEADER
fixed length control field 00673nam a22002057a 4500
005 - DATE AND TIME OF LATEST TRANSACTION
control field 20081020151251.0
008 - FIXED-LENGTH DATA ELEMENTS--GENERAL INFORMATION
fixed length control field 081020t xxu||||| |||| 00| 0 eng d
010 ## - LIBRARY OF CONGRESS CONTROL NUMBER
LC control number ENG-84487
020 ## - INTERNATIONAL STANDARD BOOK NUMBER
International Standard Book Number 8178842117
020 ## - INTERNATIONAL STANDARD BOOK NUMBER
Terms of availability 600.00 (hb)
035 ## - SYSTEM CONTROL NUMBER
System control number EN-68020
082 ## - DEWEY DECIMAL CLASSIFICATION NUMBER
Classification number 363.7 / NEG
100 ## - MAIN ENTRY--PERSONAL NAME
Personal name Negi, J S
245 ## - TITLE STATEMENT
Title Environmental policy studies /
Statement of responsibility, etc by J S Negi
260 ## - PUBLICATION, DISTRIBUTION, ETC. (IMPRINT)
Place of publication, distribution, etc New Delhi
Name of publisher, distributor, etc Cyber Tech Publications
260 ## - PUBLICATION, DISTRIBUTION, ETC. (IMPRINT)
Date of publication, distribution, etc 2006
300 ## - PHYSICAL DESCRIPTION
Extent 328p
Dimensions 22cm
942 ## - ADDED ENTRY ELEMENTS (KOHA)
Source of classification or shelving scheme Dewey Decimal Classification
Koha item type English Books
Classification part 363.7
Call number suffix NEG
Holdings
Withdrawn status Lost status Source of classification or shelving scheme Damaged status Not for loan Home library Current library Date acquired Cost, normal purchase price Total Checkouts Full call number Barcode Date last seen Copy number Cost, replacement price Price effective from Koha item type
    Dewey Decimal Classification   Not For Loan D.B.Act.Division D.B.Act.Division 08/03/2007 600.00   363.7 NEG EN-68020 04/11/2008 1 600.00 04/11/2008 English Books

© Delhi Public Library
Hit Counter
free hit counter